| 000 | 00499nam a22001817a 4500 | ||
|---|---|---|---|
| 003 | CEME | ||
| 005 | 20210628210241.0 | ||
| 008 | 210216b xxu||||| |||| 00| 0 eng d | ||
| 020 | _a969-516-005-0 | ||
| 040 | _c. | ||
| 082 | _a891.4393 HAM | ||
| 100 |
_aHamid Baig, Mirza Mirza Hamid Baig _978729 |
||
| 245 | _aPakistan kay shahkar urdu afsaney | ||
| 260 |
_aLAHORE _bALHAMRA _c2000 |
||
| 300 | _a620P | ||
| 650 |
_aURDU ADAB-AFSANEY-PAKISTAN KAY SHAHKAR URDU AFSANEY _978730 |
||
| 942 |
_cBK _2ddc |
||
| 999 |
_c583820 _d583820 |
||